000 00643nam a2200277Ia 4500
005 20260324115926.0
008 008 260324s9999 xx 000 0 eng d
020 _a9780429194719
037 _aEBOOK
040 _aCRL
040 _beng
040 _cCRL
041 _2eng
041 _aeng
084 _qCRL
100 _aKlaus D. Sattler
245 0 _aCarbon Nanomaterials Sourcebook, Two-Volume Set
260 _bTaylor and Francis
260 _c2016
365 _a
365 _b840
856 _uhttp://www.taylorfrancis.com/books/9780429194719
942 _cEBOOK
999 _c1747779
_d1747779